000 01383ncm0a2200373 4500
001 RU\NLR\ONIZ\215753
005 20250626045021.0
010 _z5-9720-0013-Х
021 _aRU
_b06-57
_906-02
035 _aRU\NLR\ONIZ\GALA\5000029383\20161123135120
035 _a(NLR Aleph) 011338106
071 2 0 _a0007
090 _a11175633
_c11175633
100 _a20161123d2005 |||y0rusy50 ca
101 0 _arus
102 _aRU
125 _aax
200 1 _aСочинения
_bНоты
_dWorks
_eоблегч. перелож. для фп. в 4 руки
_e[мл. классы ДМШ]
_fП. И. Чайковский
_zeng
210 _aМосква
_cП. Юргенсон
_d2005
215 _a40 с.
_d29 см
225 1 _aEdition Jurgenson
606 1 _aПереложения для фортепиано в 4 руки (для мл. возраста)
_jНоты
_2nlr_sh
686 _aЩ952.242-09я44(28)
_vLBC/SL
_2rubbk
700 1 _9z01790
_aЧайковский
_bП. И.
_f1840-1893
_gПетр Ильич
_4230
_7ca
790 1 _9z01700
_aChajkovskij
_bP. I.
_f1840-1893
_gPyotr Il`ich
_4230
_7ba
801 0 _aRU
_bNLR
_c20161123
_gPSBO
801 1 _aRU
_bNLR
_c20161123
_2rusmarc
801 2 _aRU
_bNLR
_c20190630
852 _aNLR
_bМ
_j3/10860
_pМОЭ 2006-02/57
_t1
852 _aNLR
_bМ
_j3/10860а
_pМОЭ 2006-02/57а
_t2
942 _cSCORE
980 _aNB
980 _aONIZ